"Amputációk" az orvosegyetemen Beszélgetés Takács Jánossal a SZOTE gazdasági főigazgatójával /
Elmentve itt :
| Szerző: | |
|---|---|
| Dokumentumtípus: | Cikk |
| Megjelent: |
1993-07-20
|
| Sorozat: | Délmagyarország
83 No. 167 |
| Kulcsszavak: | Takács János, Orvostudományi Egyetem |
| Online Access: | http://dmarchiv.bibl.u-szeged.hu/100567 |
| LEADER | 00556nab a2200157 i 4500 | ||
|---|---|---|---|
| 001 | delm100567 | ||
| 005 | 20191004151540.0 | ||
| 008 | 191004s1993 hu o 0|| hun d | ||
| 040 | |a SZTE Délmagyarország Archívum |b hun | ||
| 041 | |a hun | ||
| 100 | 1 | |a Kalocsai Katalin | |
| 245 | 1 | 0 | |a "Amputációk" az orvosegyetemen |h [elektronikus dokumentum] : |b Beszélgetés Takács Jánossal a SZOTE gazdasági főigazgatójával / |c Kalocsai Katalin |
| 260 | |c 1993-07-20 | ||
| 300 | |a 4 | ||
| 490 | 0 | |a Délmagyarország |v 83 No. 167 | |
| 695 | |a Takács János, Orvostudományi Egyetem | ||